The Bible, its origin, and nature: (Record no. 3308)

000 -LEADER
fixed length control field 00717nam a2200193 a 4500
001 - CONTROL NUMBER
control field :::00001038$&:&@@
003 - CONTROL NUMBER IDENTIFIER
control field OkBaRHE
005 - DATE AND TIME OF LATEST TRANSACTION
control field 20100331160724.0
008 - FIXED-LENGTH DATA ELEMENTS--GENERAL INFORMATION
fixed length control field s1972 j 000 0 eng u
020 ## - INTERNATIONAL STANDARD BOOK NUMBER
International Standard Book Number 083696876X
040 ## - CATALOGING SOURCE
Transcribing agency
100 1# - MAIN ENTRY--PERSONAL NAME
Personal name Dods, Marcus, 1834-1909.
245 14 - TITLE STATEMENT
Title The Bible, its origin, and nature:
Remainder of title seven lectures delivered before Lake Forest College on the foundation of the late William Bross.
260 ## - PUBLICATION, DISTRIBUTION, ETC. (IMPRINT)
Place of publication, distribution, etc Freeport, NY., :
Name of publisher, distributor, etc Books for Libraries Press
Date of publication, distribution, etc 1972
300 ## - PHYSICAL DESCRIPTION
Extent xiii, 245 p. ;
Dimensions 22 cm.
650 ## - SUBJECT ADDED ENTRY--TOPICAL TERM
Topical term or geographic name as entry element Bible
General subdivision Criticism, Interpretation, etc
942 ## - ADDED ENTRY ELEMENTS (KOHA)
Source of classification or shelving scheme
Koha item type Books
Copies
Current Location Withdrawn status Permanent Location Price effective from Copy number Koha item type Date last seen Damaged status Full call number Not for loan Shelving location Date acquired Source of classification or shelving scheme Lost status Barcode
RHEMA Bible Training College RHEMA Bible Training College2010-04-141Books2018-02-27 BS 511 .D58 1972 General Stacks2010-04-14  1038